000 00309nam a2200121Ia 4500
008 220204s9999 xx 000 0 und d
082 _a331.101.6
_bSTA
100 _aDelloff, Irving A
245 0 _aImproving individual productivity
260 _aBombay
_bTaraporevala
_c1076
700 _aStaley
942 _cBK
999 _c30362
_d30362